Komparácia zabezpečovania vybranej služby miestnej samosprávy v SR a ČR bakalárska práca

Salvato in:
Dettagli Bibliografici
Autore principale: Štefka, Mário
Ente Autore: Národohospodárska fakulta EU. Katedra verejnej správy a regionálneho rozvoja
Altri autori: Vámošová Potengová, Monika
Natura: Libro
Lingua:slovacco
Pubblicazione: Bratislava 2018
Tags: Aggiungi Tag
Nessun Tag, puoi essere il primo ad aggiungerne!!

MARC

LEADER 00000nbm a2200000 4500
001 0245984
005 20181214131118.5
041 0 |a slo 
044 |a SK 
245 1 0 |a Komparácia zabezpečovania vybranej služby miestnej samosprávy v SR a ČR  |b bakalárska práca  |c Mário Štefka ; školiteľ: Monika Vámošová 
264 1 |a Bratislava  |c 2018 
300 |a 37 s. 
100 1 |a Štefka, Mário 
700 1 |a Vámošová Potengová, Monika 
710 2 |a Národohospodárska fakulta EU. Katedra verejnej správy a regionálneho rozvoja